00646nam a2200193Ia 4500952014300000999001700143003000400160005001700164008004100181020001800222040000900240082002200249100002400271245004300295260004200338300000900380650001300389942005000402 00102ddc40708SSaMESbMEScMALd2019-02-20g60.00l1o894.812301 MOO/Ap33444r2024-07-12 09:50:06s2024-07-01w2019-02-20yBKzGR30R2 c29392d29392OSt20210107091647.0190216s9999||||xx |||||||||||||| ||und|| a9788188011353 coclc a894.812301bMOO/A aMoosakutty, N98210 0aAfrican Nadodikathakal /cN Moosakutty bLipi Publications,aKozhikode:c2007. a102p aKathakal cBK2ddch894.812301iMOO/Ak894.812301mMOO/A